Fundamentals of managerial accounting and finance (Record no. 101741)
[ view plain ]
| 000 -LEADER | |
|---|---|
| fixed length control field | 01167cam a2200301 4500 |
| 008 - FIXED-LENGTH DATA ELEMENTS--GENERAL INFORMATION | |
| fixed length control field | #DATE n2003 000 0 eng u |
| 020 ## - INTERNATIONAL STANDARD BOOK NUMBER | |
| International Standard Book Number | 1873186126 |
| 035 ## - SYSTEM CONTROL NUMBER | |
| System control number | (Sirsi) u115236 |
| 041 ## - LANGUAGE CODE | |
| Language code of text/sound track or separate title | eng |
| 050 ## - LIBRARY OF CONGRESS CALL NUMBER | |
| Classification number | 657.3 |
| -- | 18 |
| 100 ## - MAIN ENTRY--PERSONAL NAME | |
| Personal name | Mills, Roger W. |
| 245 ## - TITLE STATEMENT | |
| Title | Fundamentals of managerial accounting and finance |
| 250 ## - EDITION STATEMENT | |
| Edition statement | 4th ed. |
| 260 ## - PUBLICATION, DISTRIBUTION, ETC. | |
| Place of publication, distribution, etc. | Lechlade |
| Name of publisher, distributor, etc. | Mars Business Associates |
| Date of publication, distribution, etc. | 2003 |
| 300 ## - PHYSICAL DESCRIPTION | |
| Extent | viii, 440p. |
| Dimensions | 24cm. |
| 350 ## - PRICE (NR) (BK AM CF MU VM SE) [OBSOLETE] | |
| Price | 24 |
| 520 ## - SUMMARY, ETC. | |
| Summary, etc. | Aimed primarily at MBA students, this fourth edition text covers the following topics: financial accounting; financial reporting; basic financial ratios; company financial analysis; cost accounting and cost management; budgeting; short-term and long-term decision analysis; financial management and strategic financial management. Includes a case study, glossary and references. |
| 650 ## - SUBJECT ADDED ENTRY--TOPICAL TERM | |
| Topical term or geographic name entry element | FINANCIAL MANAGEMENT |
| 650 ## - SUBJECT ADDED ENTRY--TOPICAL TERM | |
| Topical term or geographic name entry element | FINANCIAL REPORTING |
| 650 ## - SUBJECT ADDED ENTRY--TOPICAL TERM | |
| Topical term or geographic name entry element | MANAGEMENT ACCOUNTING |
| 650 ## - SUBJECT ADDED ENTRY--TOPICAL TERM | |
| Topical term or geographic name entry element | FINANCIAL ACCOUNTING |
| 650 ## - SUBJECT ADDED ENTRY--TOPICAL TERM | |
| Topical term or geographic name entry element | FINANCIAL ANALYSIS |
| 690 ## - LOCAL SUBJECT ADDED ENTRY--TOPICAL TERM (OCLC, RLIN) | |
| Topical term or geographic name as entry element | FINANCE |
| 700 ## - ADDED ENTRY--PERSONAL NAME | |
| Personal name | Robertson, John |
| 700 ## - ADDED ENTRY--PERSONAL NAME | |
| Personal name | Print, Carol F. |
| 700 ## - ADDED ENTRY--PERSONAL NAME | |
| Personal name | Rowbotham, Sean A. |
| 942 ## - ADDED ENTRY ELEMENTS (KOHA) | |
| Suppress in OPAC | 0 |
| Withdrawn status | Lost status | Source of classification or shelving scheme | Damaged status | Not for loan | Home library | Current library | Shelving location | Date acquired | Cost, normal purchase price | Total Checkouts | Full call number | Barcode | Date last seen | Date last checked out | Copy number | Cost, replacement price | Price effective from | Koha item type |
|---|---|---|---|---|---|---|---|---|---|---|---|---|---|---|---|---|---|---|
| Dewey Decimal Classification | London | London | Books | 24/10/2003 | 24.00 | 23 | 657.3 MIL | 30067853 | 06/08/2019 | 19/10/2009 | 1 | 24.00 | 06/08/2019 | Book |